The Hundred (Record no. 87680)

MARC details
000 -LEADER
fixed length control field 00870nam a22002297a 4500
005 - DATE AND TIME OF LATEST TRANSACTION
control field 20140807131123.0
008 - FIXED-LENGTH DATA ELEMENTS--GENERAL INFORMATION
fixed length control field 140714b xxu||||| |||| 00| 0 Urdu d
010 ## - LCCN (DPL NO)
LC control number UR-221
020 ## - INTERNATIONAL STANDARD BOOK NUMBER
Terms of availability 375.00
035 ## - SYSTEM CONTROL NUMBER
System control number U-221
037 ## - SOURCE OF ACQUISITION
Source of stock number/acquisition BPPD/Publishers/Venders
040 ## - CATALOGING SOURCE
Original cataloging agency DPL
Language of cataloging Urdu
082 ## - DEWEY DECIMAL CLASSIFICATION NUMBER
Classification number 920
100 ## - MAIN ENTRY--PERSONAL NAME
Personal name متر جم: ا نو نو محمو د خا ن
245 ## - TITLE STATEMENT
Title The Hundred
Statement of responsibility, etc متر جم: ا نو نو محمو د خا ن
246 ## - VARYING FORM OF TITLE
Title proper/short title The Hundred
Remainder of title Tr.byAnono Mahmood Khan
260 ## - PUBLICATION, DISTRIBUTION, ETC. (IMPRINT)
Name of publisher, distributor, etc Auraaque Publications
-- Star Publications.( Vender)
Date of publication, distribution, etc 2014
260 ## - PUBLICATION, DISTRIBUTION, ETC. (IMPRINT)
Place of publication, distribution, etc 4/5Asaf Ali Road,New Delhi-110002
270 ## - ADDRESS
Address A-170,گر ا ؤ نڈ فلو ر سو ر يہ ا پا ر ٹمينٹ،د لشا د کا لو نی
City دھلی
Postal code 110095
Telephone number 9899706640
300 ## - PHYSICAL DESCRIPTION
Extent 410ص
Dimensions 22Cm(Pb)
942 ## - ADDED ENTRY ELEMENTS (KOHA)
Source of classification or shelving scheme Dewey Decimal Classification
Item type Urdu Bks
Call number suffix ا ن و
Classification part 920

No items available.


© Delhi Public Library
Hit Counter
free hit counter